Consequences of pragmatism (Record no. 132681)
[ view plain ]
| 000 -LEADER | |
|---|---|
| campo de control de longitud fija | 00535nam a2200169 4500 |
| 001 - NÚMERO DE CONTROL | |
| campo de control | 132681 |
| 003 - IDENTIFICADOR DE NÚMERO DE CONTROL | |
| campo de control | ES-MaACL |
| 005 - FECHA Y HORA DE LA ÚLTIMA TRANSACCIÓN | |
| campo de control | 20230906194227.0 |
| 007 - CAMPO FIJO DE DESCRIPCIÓN FÍSICA--INFORMACIÓN GENERAL | |
| campo de control de longitud fija | t| |
| 008 - DATOS DE LONGITUD FIJA--INFORMACIÓN GENERAL | |
| campo de control de longitud fija | 070214s1986 xxu r ||||1| eng d |
| 100 1# - ENTRADA PRINCIPAL--NOMBRE DE PERSONA | |
| Nombre de persona | Rorty, Richard. |
| 9 (RLIN) | 99561 |
| 245 10 - MENCIÓN DEL TÍTULO | |
| Título | Consequences of pragmatism |
| Resto del título | : essays : 1972-1980 / |
| Mención de responsabilidad, etc. | Richard Rorty. |
| 260 ## - PUBLICACIÓN, DISTRIBUCIÓN, ETC. | |
| Lugar de publicación, distribución, etc. | Minneapolis : |
| Nombre del editor, distribuidor, etc. | University of Minnesota Press, |
| Fecha de publicación, distribución, etc. | 1986. |
| 300 ## - DESCRIPCIÓN FÍSICA | |
| Extensión | XLVII, 237 p. ; |
| Dimensiones | 23 cm. |
| 710 2# - ENTRADA AGREGADA--NOMBRE DE ENTIDAD CORPORATIVA | |
| Nombre de entidad corporativa o nombre de jurisdicción como elemento de entrada | University of Minnesota (Minneapolis) |
| 9 (RLIN) | 7510 |
| 852 ## - LOCALIZACIÓN | |
| Ubicación | ES-MaACL |
| Número de control de estantería | L-11705 |
| Sublocalización o colección | R.113724 |
| Estatus retirado | Estado de pérdida | Estado de daño | No para préstamo | Biblioteca de origen | Biblioteca actual | Ubicación en estantería | Fecha de adquisición | Fuente de adquisición | Total de préstamos | Signatura topográfica completa | Código de barras | Visto por última vez | Precio de reemplazo | Tipo de ítem Koha |
|---|---|---|---|---|---|---|---|---|---|---|---|---|---|---|
| Biblioteca del Ateneo de Madrid | Biblioteca del Ateneo de Madrid | Depósito 2 | 17/01/2008 | L-11705 | 1138132 | 23/02/2023 | 23/02/2023 | Libro impreso |
